00896nam a2200241Ia 4500001000600000003000900006008004100015040001300056040001300069041001300082100002400095100002900119245009700148245006100245250001100306260001100317260001500328260004900343300005800392500015100450650002200601650003100623H5770IT-RoPAU130308s9999 xx 000 0 und d aIT-RoPAU cIT-RoPAU aITALIANO aVittadini Nicoletta gCodice Aut. SPICS: 36565 aGalassia Tg. La disseminazione del telegiornale tra televisione, internet e telefonia mobile bSpeciale Tg. forme e Tecniche del Giornalismo Televisivo a4a ed. aNOVARA bInterlinea c2005 [1° Ed.:1997 - Ed.Ling.Originale:1997] a"15 p. (prefazione: no ; testo: 15 [pagine: 91-105])" aIntroduzione. Tracce di Radicamento nel Tg. News web Sites, di Cosa Parliamo? Disseminazione del Tg: tra internet e telefonia Mobile. Conclusioni. aGENERI TELEVISIVI eCodice materia Spics: 6960